Základní lyžařský výcvik : příruč. pro školení cvičitelů lyžování a pomocných cvičitelů lyžování /

Korporativní autor: Československý svaz tělesné výchovy. Ústřední škola
Další autoři: Jurečka, Jan, 1930-
Jazyk: Čeština
Vydáno: Praha : STN, 1965
Vydání: 2., opr. a dopln. vyd.
Edice: Učební texty ČSTV.
Externí odkaz: Digitalizovaný dokument
Fyzický popis: 71, [3] s. : il. ; 4°
Knihy
Uloženo v:
LEADER 01280nam a22003252a 4500
001 000387437
003 CZ BrMZK
005 20130529103241.0
007 ta
008 980105s1965 xr a f cze d
015 |a cnb000483493 
035 |a (OCoLC)42106198 
040 |a ABA001  |b cze  |c CBA001  |d ABA001 
080 9 |a 796.93(075)(024) 
245 0 0 |a Základní lyžařský výcvik :  |b příruč. pro školení cvičitelů lyžování a pomocných cvičitelů lyžování /  |c zprac. kol. za hl. red. Jana Jurečky 
250 |a 2., opr. a dopln. vyd. 
260 |a Praha :  |b STN,  |c 1965 
300 |a 71, [3] s. :  |b il. ;  |c 4° 
490 1 |a Učební texty ČSTV. Řada A ;  |v sv. 13e 
500 |a 2000 výt. 
500 |a Vyd. Ústř. škola ČSTV 
504 |a Obsahuje bibliografii 
700 1 |a Jurečka, Jan,  |d 1930-  |7 jx20071217029  |4 edt 
710 2 |a Československý svaz tělesné výchovy.  |b Ústřední škola  |7 kn20050601006 
830 0 |a Učební texty ČSTV.  |n Řada A 
856 4 1 |u http://www.digitalniknihovna.cz/mzk/uuid/uuid:ea051a50-c9b6-11e2-a712-005056827e51  |y Digitalizovaný dokument  |x NDK 
910 |a BOA001  |b 4-0502.775-65 
990 |a BK 
991 |b 201305 
996 7 |b 2619804383  |c 4-0502.775-65  |l MZK  |r Sklad / do 1 hodiny  |n 4  |w 000387437  |u 000010  |a 1  |e BOA001  |j MZK50  |s A